| 000 | 00532nam a22002057a 4500 | ||
|---|---|---|---|
| 003 | Ost | ||
| 005 | 20250724090652.0 | ||
| 008 | 250724b |||||||| |||| 00| 0 eng d | ||
| 020 | _a9789061912217 | ||
| 040 | _cBT-PhCST | ||
| 050 | _a25399 | ||
| 082 |
_222 _a551.35 _bSUM |
||
| 100 | _aSumer, B. Mutlu. | ||
| 245 | _aMechanics of sediment transport / | ||
| 260 |
_aUnited Kingdom : _bCRC Press, _cc1983. |
||
| 300 |
_aix, 285 p. : _bill. ; _c28 cm. |
||
| 500 | _aIncludes References. | ||
| 700 | _aMuller, A. | ||
| 942 |
_2ddc _cWRE |
||
| 999 |
_c10082 _d10082 |
||